000 00300 a2200085 4500
020 _a9781610917339
100 _aSanderson, Eric W
245 _aProspects for Resilience: Insights from New York City's Jamaica Bay / William D. Solecki, John R. Waldman, Adam S. Parris
260 _bLondon: Island Press
_c2016
999 _c13117
_d13117